书目信息 |
| 题名: |
给水排水设计手册
|
|
| 作者: | 上海市政工程设计院主编 | |
| 分册: | 第7册 城市防洪 | |
| 出版信息: | 北京 中国建筑工业出版社 1986.03 |
|
| 页数: | 403页 | |
| 开本: | 16开 | |
| 丛书名: | ||
| 单 册: | ||
| 中图分类: | TU991.02-62 | |
| 科图分类: | ||
| 主题词: | ||
| 电子资源: | ||
| ISBN: | ||
| 000 | 00619nam0 2200181 45 | |
| 001 | 0199007194 | |
| 005 | 20091102133734.56 | |
| 010 | @d6.70元 | |
| 100 | @a19990804d km y0chiy0120 ea | |
| 101 | 0 | @achi |
| 105 | @a z 000yy | |
| 200 | 1 | @Agei shui pai shui she ji shou ce@FSHANG HAI SHI ZHENG GONG CHENG SHE JI YUAN ZHU BIAN@a给水排水设计手册@h第7册@i城市防洪@f上海市政工程设计院主编 |
| 210 | @a北京@c中国建筑工业出版社@d1986.03 | |
| 215 | @a403页@c无图表@d16开 | |
| 517 | 1 | @a城市防洪@Acheng shi fang hong |
| 690 | @aTU991.02-62@v3 | |
| 801 | @aCN@bPftUser@c20091102 | |
| 905 | @dTU991.02-62@eB550:7@b200083-092@f10 | |
| 给水排水设计手册.第7册.城市防洪/上海市政工程设计院主编.-北京:中国建筑工业出版社,1986.03 |
| 403页:无图表;16开 |
| ISBN :6.70元 |
| ● |
| 相关链接 |
|
|
|
正题名:给水排水设计手册
索取号:TU991.02-62/B550:7
 
预约/预借
| 序号 | 登录号 | 条形码 | 馆藏地/架位号 | 状态 | 备注 |
| 1 | 200083 | 202000832 | 自科二线504/404自科库 5排1列1层/ [索取号:TU991.02-62/B550:7] | 在馆 | |
| 2 | 200084 | 202000841 | 建筑库201/201建筑库 129排1列2层/ [索取号:TU991.02-62/B550:7] | 在馆 | |
| 3 | 200085 | 202000850 | 自科二线404/404自科库 22排5列3层/ [索取号:TU991.02-62/B550:7] | 在馆 | |
| 4 | 200086 | 202000869 | 建筑库201/201建筑库 129排1列2层/ [索取号:TU991.02-62/B550:7] | 在馆 | |
| 5 | 200087 | 202000878 | 建筑库201/201建筑库 129排1列2层/ [索取号:TU991.02-62/B550:7] | 在馆 | |
| 6 | 200088 | 202000887 | 自科二线404/404自科库 22排5列2层/ [索取号:TU991.02-62/B550:7] | 在馆 | |
| 7 | 200089 | 202000896 | 自科二线504/404自科库 5排1列3层/ [索取号:TU991.02-62/B550:7] | 在馆 | |
| 8 | 200090 | 202000903 | 市政与环境工程学院资料室/101建筑库 95排1列3层/ [索取号:TU991.02-62/B550:7] | 在馆 | |
| 9 | 200091 | 202000912 | 建筑库201/201建筑库 129排1列2层/ [索取号:TU991.02-62/B550:7] | 在馆 | |
| 10 | 200092 | 202000921 | 自科二线404/404自科库 20排5列2层/ [索取号:TU991.02-62/B550:7] | 在馆 |